Macromedia Flash MX kompletní průvodce
Salvato in:
| Autore principale: | |
|---|---|
| Altri autori: | |
| Natura: | Libro |
| Lingua: | ceco |
| Pubblicazione: |
Brno
Computer Press
2003
|
| Serie: | DTP & grafika
|
| Soggetti: | |
| Tags: |
Nessun Tag, puoi essere il primo ad aggiungerne!!
|
MARC
| LEADER | 00000nam$a2200000$$$4500 | ||
|---|---|---|---|
| 001 | 0013194 | ||
| 005 | 20240315114535.1 | ||
| 020 | |a 80-7226-831-7 | ||
| 041 | 0 | |a cze | |
| 044 | |a CZ | ||
| 245 | 1 | 0 | |a Macromedia Flash MX |b kompletní průvodce |c Derek Franklin ; překlad: Magdalena Kolínová |
| 264 | 1 | |a Brno |b Computer Press |c 2003 | |
| 300 | |a xxii, 846 s. |e 1 CD-ROM | ||
| 490 | 1 | |a DTP & grafika | |
| 830 | 0 | |a DTP & grafika | |
| 500 | |a CD obsahuje súbory k cvičeniam z knihy a skúšobnú verziu Macromedia Flash MX | ||
| 610 | 2 | 0 | |a Macromedia Flash MX |
| 610 | 2 | 0 | |a grafika počítačová |
| 610 | 2 | 0 | |a film |
| 610 | 2 | 0 | |a počítače |
| 610 | 2 | 0 | |a programy počítačové |
| 610 | 2 | 0 | |a softvér |
| 610 | 2 | 0 | |a web |
| 100 | 1 | |a Franklin, Derek | |
| 700 | 1 | |a Kolínová, Magdalena | |